Innováció a szakképzésben

Elmentve itt :
Bibliográfiai részletek
Szerző: Endre Zsófia
További közreműködők: Borsi Istvánné (Témavezető)
Dokumentumtípus: Szakdolgozat
Megjelent: 2006
Tárgyszavak:
Online Access:http://diploma.bibl.u-szeged.hu/118024
LEADER 00670nta a2200193 i 4500
001 dipl118024
005 20210826085350.0
008 210825s2006 hu om 0|| hun d
040 |a SZTE Diploma Repozitórium  |b hun 
041 |a hun 
100 1 |a Endre Zsófia 
245 1 0 |a Innováció a szakképzésben  |h [elektronikus dokumentum] /  |c Zsófia Endre 
260 |c 2006 
650 4 |a Pedagógusképzés 
650 4 |a Social sciences 
650 4 |a Educational sciences 
650 4 |a Education, general (including training, pedagogy, didactics) 
700 1 |a Borsi Istvánné  |e ths 
856 4 0 |u http://diploma.bibl.u-szeged.hu/id/eprint/118024/1/2006_endre_zsofia.pdf  |z Dokumentum-elérés